000
00302nam a22001337a 4500
008
181105b xxu||||| |||| 00| 0 eng d
020
_a
9780878936137
041
_a
eng
080
_a
611
100
_a
6
101
_a
ANA
245
_a
NeuroAnatomy Through Clinical Cases
_c
Hal.B
942
_2
udc
_c
BK
999
_c
51854
_d
51854